000 01388nam a2200349 i 4500
003 EG-GICUC
005 20260121101637.0
008 260102s1999 ua ||||fr|||| 000 0 ara d
017 _a99/15610
020 _a977-04-2736-5
040 _a EG-GICUC
_bara
_c EG-GICUC
_d EG-GICUC
_erda
041 _aara
082 0 4 _221
_a345.7
_bع ب . ع
092 0 4 _221
099 _aLaw1 07 345.7 ع ب . ع 1999
100 0 _aعبدالله حنفي
_eمؤلف.
245 1 2 _a العقود الإدارية.
_nالجزء الأول,
_pماهية العقد الإداري وأحكام إبرامه /
_cدكتور عبدالله حنفي.
264 1 _aالقاهرة :
_bدار النهضة العربية,
_c1999.
300 _a412 صفحة ؛
_c24 سم
_bإيضاحيات، صور، مثيليات ؛
336 _2rda content
_atext
337 _2rda media
_aComputer
338 _2rda carrier
_aOnline Resource
504 _a. 408-404 ببليوجرافيا: صفحات.
546 _aالنص أغلبه باللغة العربية مع بعض النصوص الفرنسية
650 1 4 _aالعقود الإدارية
_2qrmak
650 1 4 _aطرق ابرام العقد الإداري
_2qrmak
650 1 4 _aعقد الاشغال العامة
_2qrmak
651 1 _2qrmak
856 4 0 _uhttps://fll.law.cu.edu.eg/fulltext/bks/B07-02515.pdf
905 _a79
942 _2ddc
_cBK
_e21
_n0
999 _c53982
_d53982